Progammable Controllers (Record no. 303343)

MARC details
000 -LEADER
fixed length control field 00450nam a2200157Ia 4500
008 - FIXED-LENGTH DATA ELEMENTS--GENERAL INFORMATION
fixed length control field 230718s9999 xx 000 0 und d
041 ## - LANGUAGE CODE
Language code of text/sound track or separate title eng
082 ## - DEWEY DECIMAL CLASSIFICATION NUMBER
Classification number 629.8'9
Item number COX
100 ## - MAIN ENTRY--PERSONAL NAME
Personal name Cox R. A.
9 (RLIN) 159433
245 ## - TITLE STATEMENT
Title Progammable Controllers
Remainder of title Technical Book Servicesnicians guide to
260 ## - PUBLICATION, DISTRIBUTION, ETC. (IMPRINT)
Date of publication, distribution, etc. 2001
Name of publisher, distributor, etc. Delmar Ceneage Learning
300 ## - PHYSICAL DESCRIPTION
Extent 374
365 ## - TRADE PRICE
Currency code Rs.
Price amount 325.00
700 ## - ADDED ENTRY--PERSONAL NAME
Personal name Cox R. A.
9 (RLIN) 159433
906 ## - LOCAL DATA ELEMENT F, LDF (RLIN)
d B:78125-Jan-2002
c INST
b 48.75
Holdings
Withdrawn status Lost status Damaged status Not for loan Home library Current library Date acquired Vendor Budget Code Cost, normal purchase price Bill number Total Checkouts Full call number Barcode Date last seen Discount Cost, replacement price Bill Date Koha item type Original Barcode
        Cummins College of Engineering for Women Pune Cummins College of Engineering for Women Pune 08/04/2002 SNJA INST 276.25 781   629.8'9 CCEP-BK-14550 18/07/2023 48.75 325.00 25/01/2002 Books 014550